00707nam a22001937a 450000500170000001000140001702000260003103500130005703700130007008200120008310000280009524500740012326000460019727000640024330000260030794200260033399900170035995201370037620100811123133.0 aENG-99637 a9780195699333c795.00 aEN-83169 bDBAD/PUB a320.011 aBhargava, Rajeev910802 aWhat is political theory and why do we need it? /cby Rajeev Bhargava aNew Delhi bOxford University Pressc2010 aYMCA Library Building, Jai Singh Road, bNew Delhi e110001 axiv, 406p.c22cm (Hb) 2ddccENh320.011mBHA c40933d40933 001040718NFICaDBADbDBADd2010-08-11eDBAD/PUBg795.00l0o320.011 BHApEN-83169r2010-08-11 00:00:00t1v795.00w2010-08-11yEN